000 00226nam a2200097Ia 4500
008 240331s9999 xx 000 0 und d
082 _bVEN
100 _aVenkadaraman, R
245 0 _aInthiya vduthalai Iyakka varalaru
942 _cL
999 _c2372
_d2372